Peace under pressure / (Record no. 6475)

MARC details
000 -LEADER
fixed length control field 00527nam a22001817a 4500
003 - CONTROL NUMBER IDENTIFIER
control field GBCCL
005 - DATE AND TIME OF LATEST TRANSACTION
control field 20241126110604.0
008 - FIXED-LENGTH DATA ELEMENTS--GENERAL INFORMATION
fixed length control field 180515b ||||| |||| 00| 0 eng d
040 ## - CATALOGING SOURCE
Transcribing agency gbc
082 ## - DEWEY DECIMAL CLASSIFICATION NUMBER
Classification number 220.92
Item number OTT
100 ## - MAIN ENTRY--PERSONAL NAME
Personal name Otto, Jean
9 (RLIN) 11591
245 ## - TITLE STATEMENT
Title Peace under pressure /
Statement of responsibility, etc. Jean Otto
260 ## - PUBLICATION, DISTRIBUTION, ETC.
Place of publication, distribution, etc. Grandville:
Name of publisher, distributor, etc. Reformed Church Press,
Date of publication, distribution, etc. 1988
300 ## - PHYSICAL DESCRIPTION
Extent 77 p.;
Dimensions 21 cm.
650 ## - SUBJECT ADDED ENTRY--TOPICAL TERM
Topical term or geographic name entry element Stress (psychology)
Form subdivision Religious aspects
General subdivision Christianity
9 (RLIN) 11592
650 ## - SUBJECT ADDED ENTRY--TOPICAL TERM
Topical term or geographic name entry element Bible
Form subdivision Biography
General subdivision Meditations
9 (RLIN) 11593
942 ## - ADDED ENTRY ELEMENTS (KOHA)
Source of classification or shelving scheme Dewey Decimal Classification
Koha item type Books
Holdings
Withdrawn status Lost status Source of classification or shelving scheme Damaged status Not for loan Home library Current Library Shelving location Date acquired Total checkouts Full call number Barcode Date last seen Copy number Price effective from Koha item type
    Dewey Decimal Classification     GRACE BIBLE COLLEGE GRACE BIBLE COLLEGE Biblical Studies 2018-05-15   220.92 OTT 002604 2025-05-01 c.1 2018-05-15 Books
© Grace Bible College Library 2025